Radhakrishnan and integral experience: the philosophy and world vision of Sarvepalli Radhakrishnan (Record no. 358259)

000 -LEADER
fixed length control field 00469cam a22001337a 4500
008 - FIXED-LENGTH DATA ELEMENTS--GENERAL INFORMATION
fixed length control field 180718b1966 xxu||||| |||| 00| 0 eng d
082 ## - DEWEY DECIMAL CLASSIFICATION NUMBER
Classification number AAx54 R118/Ar14
100 ## - MAIN ENTRY--PERSONAL NAME
Personal name Arapura, J.G.
245 ## - TITLE STATEMENT
Title Radhakrishnan and integral experience: the philosophy and world vision of Sarvepalli Radhakrishnan
Statement of responsibility, etc. by J.G. Arapura
260 ## - PUBLICATION, DISTRIBUTION, ETC.
Place of publication, distribution, etc. Bombay
Name of publisher, distributor, etc. Asia
Date of publication, distribution, etc. 1966
300 ## - PHYSICAL DESCRIPTION
Extent 211p.
650 ## - SUBJECT ADDED ENTRY--TOPICAL TERM
Topical term or geographic name entry element Radhakrishnan, Saravepalli - Criticism and Interpretation
650 ## - SUBJECT ADDED ENTRY--TOPICAL TERM
Topical term or geographic name entry element Philosophy, Indian
Holdings
Withdrawn status Lost status Damaged status Not for loan Permanent Location Current Location Date acquired Full call number Barcode Date last seen Price effective from Koha item type
        Indian Institute of Public Administration Indian Institute of Public Administration 1994-01-27 AAx54 R118/Ar14 39470 2018-07-21 2018-07-21 Book

Powered by Koha